[Event "ChInt Open"]
[Site "Paris "]
[Date "2008.??.??"]
[Round "?"]
[White "Roser, Kevin"]
[Black "Kosteniuk, Alexandra"]
[Result "1-0"]
[WhiteElo "2409"]
[BlackElo "2523"]
[PlyCount "83"]
[EventDate "2008.06.28"]
[EventType "swiss"]
[EventRounds "9"]
[EventCountry "FRA"]
[SourceDate "2008.07.08"]
[TimeControl "5430"]

1. e4 c5 2. Nf3 d6 3. d4 cxd4 4. Nxd4 Nf6 5. Nc3 a6 6. Be2 e5 7. Nb3 Be7 8. Be3
Nbd7 9. a4 b6 10. O-O Bb7 11. f3 Qc7 12. Rf2 O-O 13. Bf1 Rfd8 14. Rd2 Nc5 15.
Nxc5 dxc5 16. Bc4 h6 17. Rxd8+ Qxd8 18. Qe2 Ne8 19. Rd1 Qc8 20. Nd5 Bxd5 21.
Rxd5 b5 22. axb5 axb5 23. Bxb5 Nd6 24. c4 Nxb5 25. cxb5 Ra5 26. h3 Qb7 27. Bxc5
Rxb5 28. b4 Bxc5+ 29. bxc5 Qa6 30. Kh2 Qc6 31. Qc4 Kh7 32. Rxe5 f6 33. Rd5 Ra5
34. e5 Qc7 35. f4 fxe5 36. Rxe5 Ra7 37. Qe4+ g6 38. Re6 Qf7 39. c6 Rc7 40. Qe5
Ra7 41. Re8 Qg7 42. Rd8 1-0

[Event "ChInt Open"]
[Site "Paris "]
[Date "2008.??.??"]
[Round "?"]
[White "Shirazi, Kamran G"]
[Black "Romanov, Evgeny"]
[Result "0-1"]
[WhiteElo "2448"]
[BlackElo "2547"]
[PlyCount "96"]
[EventDate "2008.06.28"]
[EventType "swiss"]
[EventRounds "9"]
[EventCountry "FRA"]
[SourceDate "2008.07.08"]

1. d4 d5 2. Nc3 Nf6 3. Bg5 c6 4. e3 Qb6 5. a3 Bf5 6. Bxf6 gxf6 7. Bd3 Bg6 8. f4
e6 9. f5 Bxf5 10. Bxf5 exf5 11. Nge2 Nd7 12. Qd3 Qxb2 13. Rb1 Qxa3 14. Rxb7 Bb4
15. Kf2 O-O-O 16. Rxb4 Qxb4 17. Rb1 Qa5 18. Qxf5 Rhg8 19. h4 Qc7 20. g3 Qd6 21.
Nf4 Rde8 22. Rb3 Kd8 23. Qxh7 Qe7 24. Na4 Kc7 25. Qd3 Qe4 26. Qxe4 dxe4 27. Rc3
Nb6 28. Nc5 a5 29. d5 Re5 30. dxc6 Ra8 31. Ne2 Nd5 32. Rc4 Rf5+ 33. Nf4 Nb6 34.
Rc3 a4 35. Nxa4 Nxa4 36. Rc4 Re5 37. g4 Nb6 38. Rd4 Kxc6 39. Nh5 f5 40. Nf6
fxg4 41. Kg3 Re6 42. Nxe4 f5 43. Ng5 Rxe3+ 44. Kf4 Nd5+ 45. Kxf5 g3 46. c4 Rf8+
47. Kg4 g2 48. cxd5+ Kc5 0-1

[Event "ChInt Open"]
[Site "Paris "]
[Date "2008.??.??"]
[Round "?"]
[White "Quezada, Yuniesky"]
[Black "Pham Minh Hoang"]
[Result "1-0"]
[WhiteElo "2567"]
[BlackElo "2479"]
[PlyCount "89"]
[EventDate "2008.06.28"]
[EventType "swiss"]
[EventRounds "9"]
[EventCountry "FRA"]
[SourceDate "2008.07.08"]

1. e4 c5 2. Nf3 d6 3. d4 cxd4 4. Nxd4 Nf6 5. Nc3 a6 6. Be3 e5 7. Nb3 Be6 8. Qd2
Nbd7 9. O-O-O Be7 10. f4 Ng4 11. g3 Nxe3 12. Qxe3 O-O 13. Kb1 b5 14. f5 Bc4 15.
h4 Nf6 16. Bxc4 bxc4 17. Nd2 Rc8 18. g4 Nxg4 19. Qe2 h5 20. Nxc4 Bxh4 21. Rxd6
Qg5 22. b3 a5 23. Nd5 Rcd8 24. Rxd8 Rxd8 25. Rg1 Qh6 26. a4 Bf2 27. Rd1 Re8 28.
Nxa5 Qg5 29. Nc4 h4 30. Qf3 Bd4 31. c3 Ba7 32. Rd2 Nf6 33. Qg2 Ng4 34. Qf3 Nf6
35. Rg2 Qh6 36. Nxf6+ Qxf6 37. Rh2 Qg5 38. Qh1 Kf8 39. Rxh4 Ke7 40. Rh7 Bf2 41.
Qc1 Qg2 42. Qa3+ Kd7 43. Qd6+ Kc8 44. Qc6+ Kd8 45. Qd5+ 1-0

[Event "ChInt Open"]
[Site "Paris "]
[Date "2008.??.??"]
[Round "?"]
[White "Carlhammar, Magnus"]
[Black "Romieux, Sebastien"]
[Result "1/2-1/2"]
[WhiteElo "2324"]
[BlackElo "2240"]
[PlyCount "81"]
[EventDate "2008.06.28"]
[EventType "swiss"]
[EventRounds "9"]
[EventCountry "FRA"]
[SourceDate "2008.07.08"]

1. Nf3 e6 2. g3 b5 3. Bg2 Bb7 4. O-O c5 5. d3 Nf6 6. e4 d6 7. a4 a6 8. axb5
axb5 9. Rxa8 Bxa8 10. Na3 Qb6 11. e5 dxe5 12. Nxe5 Bxg2 13. Kxg2 Bd6 14. Re1
Nc6 15. Nxc6 Qxc6+ 16. Qf3 Kd7 17. Bg5 Qxf3+ 18. Kxf3 Kc6 19. Bxf6 gxf6 20. Re4
f5 21. Re2 h5 22. c4 bxc4 23. Nxc4 Rb8 24. Re1 Ra8 25. Rc1 Ra2 26. Rc3 Bc7 27.
Rb3 Ra1 28. Ne3 Rh1 29. Kg2 Rb1 30. Nc4 Rd1 31. Ra3 Kb7 32. Rc3 Kc6 33. Ne3 Rb1
34. d4 Rxb2 35. Rxc5+ Kd7 36. Nc4 Rb4 37. d5 f4 38. dxe6+ fxe6 39. Nd2 fxg3 40.
hxg3 h4 41. gxh4 1/2-1/2